Rekordziści skoczni narciarskich - Statystyki

Ogólne statystyki
  • Ten quiz został rozwiązany 106 razy
  • Średni wynik to 11 z 18
Statystyki odpowiedzi
% Poprawnych
Sapporo (HS137) Kamil Stoch
84%
Vikersund (HS 240) Stefan Kraft
82%
Planica (HS240) Ryoyu Kobayashi
81%
Willingen (HS147) Klemens Murańka
80%
Wisła (HS134) Stefan Kraft
77%
Niżny Tagił (HS 134 m) Robert Johansson
76%
Zakopane (HS140) Yukiya Sato
76%
Garmisch-Partenkirchen (HS142) Dawid Kubacki
74%
Ruka (HS142) Stefan Kraft | Ryoyu Kobayashi | Karl Geiger
72%
Bischofshofen (HS142) Dawid Kubacki
70%
Engelberg (HS140) Domen Prevc | Ryoyu Kobayashi
62%
Innsbruck (HS128) Michael Hayboeck
62%
Oslo (HS134) Robert Johansson
57%
Lahti (HS130) Joahann Andre Forfang
54%
Oberstdorf (HS137) Sigurd Pettersen
41%
Titisee-Neustadt (HS142) Domen Prevc
39%
Lillehammer (HS140) Simon Ammann
34%
Klingenthal (HS140 ) Michael Uhrmann
27%
Nie znaleziono quizów pasujących do podanych kryteriów
Rozkład punktacji
Procent ludzi z każdym wynikiem
Percentyl według liczby udzielonych odpowiedzi
Twoja historia wyników
Nie rozwiązałeś tego quizu